Lanean...

Classic : complete and unabridged /

Xehetasun bibliografikoak
Egile nagusia: Khushwant Singh
Formatua: Printed Book
Hizkuntza:English
Argitaratua: New Delhi: Penguin Books, 2010.
Gaiak:
LEADER 00659nam a22001937a 4500
008 190802b ||||| |||| 00| 0 eng d
999 |c 149996  |d 149996 
020 |a 9780143415169 
082 |a 823.914 
100 |a Khushwant Singh 
245 C |a Classic :  |b complete and unabridged / 
260 |a New Delhi:  |b Penguin Books,  |c 2010. 
300 |a 843p.: 
650 |a Train to Pakisthan p1 
650 |a I shall not hear the Nightingale p159 
650 |a Delhi p361 
650 |a Burial at sea p737 
942 |2 ddc  |c BK 
952 |0 0  |1 0  |2 ddc  |4 0  |6 823_914000000000000_KHU_C  |7 0  |8 GR  |9 160306  |a MCJ  |b MCJ  |c ST1  |d 2013-11-22  |i 2495  |l 2  |o 823.914 KHU/C  |p MCJ2495  |r 2019-08-01  |s 2019-08-01  |y BK